| 000 | 00000nam##2200000za#4500 |
| 001 | 9.573376 |
| 003 | CaOODSP |
| 005 | 20210624183656 |
| 007 | cr ||||||||||| |
| 008 | 150406|1999||||xxc|||||o f|0| 0 eng|d |
| 040 | |aCaOODSP|beng |
| 043 | |an-cn--- |
| 086 | 1 |aNH15-323/1999E-PDF |
| 110 | 2 |aCanada Mortgage and Housing Corporation. |
| 245 | 14|aThe newcomer's guide to Canadian Housing |h[electronic resource] |
| 260 | |aOttawa - Ontario : |bCanada Mortgage and Housing Corporation |cc1999. |
| 300 | |a54p.|bglossary |
| 490 | 1 |aResearch report. Housing affordability and finance series |
| 500 | |aThe catalogue number (NH15-323/1998E) and ISBN (0-660-28071-7) for the print edition have been incorrectly copied in this electronic publication. |
| 590 | |a12-29-Supp|b2012-06-25 |
| 775 | 08|tLe guide du logement au Canada pour le nouvel arrivant |w(CaOODSP)9.603548 |
| 776 | 0#|tThe newcomer's guide to Canadian housing |w(CaOODSP)9.614908 |
| 830 | #0|aResearch report. Housing affordability and finance series.|w(CaOODSP)9.504903 |
| 856 | 40|ahttp://publications.gc.ca|qPDF|s514 KB|uhttps://publications.gc.ca/collections/Collection/NH15-323-1999E.pdf |